Incredible sharks : (Record no. 10030)
[ view plain ]
| 000 -LEADER | |
|---|---|
| fixed length control field | 01168nam a22002897a 4500 |
| 001 - CONTROL NUMBER | |
| control field | 10030 |
| 003 - CONTROL NUMBER IDENTIFIER | |
| control field | FISKH |
| 005 - DATE AND TIME OF LATEST TRANSACTION | |
| control field | 20260331090800.0 |
| 008 - FIXED-LENGTH DATA ELEMENTS--GENERAL INFORMATION | |
| fixed length control field | 260331b cb ||||| |||| 00| 0 eng d |
| 020 ## - INTERNATIONAL STANDARD BOOK NUMBER | |
| International Standard Book Number | 9781407595658 |
| 040 ## - CATALOGING SOURCE | |
| Original cataloging agency | FISKH |
| Language of cataloging | eng |
| Transcribing agency | FISKH |
| Modifying agency | FISKH |
| 082 ## - DEWEY DECIMAL CLASSIFICATION NUMBER | |
| Classification number | 597.3 |
| 100 ## - MAIN ENTRY--PERSONAL NAME | |
| Personal name | Anonymous |
| 245 ## - TITLE STATEMENT | |
| Title | Incredible sharks : |
| Remainder of title | 7 amazing giant scenes! / |
| 250 ## - EDITION STATEMENT | |
| Edition statement | This edition published in 2011 |
| 260 ## - PUBLICATION, DISTRIBUTION, ETC. | |
| Place of publication, distribution, etc. | Queen Street : |
| Name of publisher, distributor, etc. | Paragon, |
| Date of publication, distribution, etc. | 2010 |
| 300 ## - PHYSICAL DESCRIPTION | |
| Extent | 24 unnumbered pages : |
| Other physical details | color illustrations ; |
| Dimensions | 27 cm |
| 490 ## - SERIES STATEMENT | |
| Series statement | Discovery Kids : Amazing New 3-D never seen before! |
| 505 ## - FORMATTED CONTENTS NOTE | |
| Formatted contents note | F<br/> |
| 520 ## - SUMMARY, ETC. | |
| Summary, etc. | With 7 amazing giant scenes to decorate, over 25 stickers, and a cool pair of 3D glasses to help each scene come alive, kids will love to play and learn with this Discovery Kids 3D sticker and activity book! Packed with adorable photos and fun facts about incredible sharks, this set is great for any curious child. |
| 521 8# - TARGET AUDIENCE NOTE | |
| Target audience note | 300 <br/> |
| Source | Lexile estimate <br/> |
| 521 8# - TARGET AUDIENCE NOTE | |
| Target audience note | F<br/> |
| Source | Raz-Plus <br/> |
| 650 ## - SUBJECT ADDED ENTRY--TOPICAL TERM | |
| Topical term or geographic name entry element | Sharks |
| Form subdivision | Juvenile literature |
| 650 ## - SUBJECT ADDED ENTRY--TOPICAL TERM | |
| Topical term or geographic name entry element | Marine animals |
| Form subdivision | Juvenile literature |
| 942 ## - ADDED ENTRY ELEMENTS (KOHA) | |
| Source of classification or shelving scheme | Dewey Decimal Classification |
| Koha item type | Books |
| Suppress in OPAC | No |
No items available.
